000
00221nam a22000857a 4500
008
170130b xxu||||| |||| 00| 0 eng d
100
_9
2654
_a
Sofat.R
245
_a
Viva Voce and Mental Maths-8
260
_a
New Delhi
_b
Rachna
_c
2011
999
_c
5810
_d
5810